[Event "World Blitz 2023"]
[Site "Samarkand UZB"]
[Date "2023.12.29"]
[EventDate "2023.12.29"]
[Round "10.11"]
[Result "1-0"]
[White "Shamsiddin Vokhidov"]
[Black "Vladimir Fedoseev"]
[WhiteElo "2588"]
[BlackElo "2719"]
[PlyCount "62"]

1. e4 g6 2. d4 Bg7 3. Nf3 d6 4. Bc4 Nf6 5. Qe2 e6 6. e5 Ng8 7. c3 h6 8.
Nbd2 Ne7 9. Bb3 Nbc6 10. h3 a5 11. a4 b6 12. O-O Ba6 13. Bc4 Bb7 14. Re1
Kf8 15. Nf1 Qc8 16. Ng3 dxe5 17. dxe5 Ba6 18. Bb5 Nd5 19. Bd2 Kg8 20. h4 h5
21. Rad1 Bxb5 22. axb5 Nce7 23. c4 Nb4 24. Ne4 Nf5 25. Bg5 Bf8 26. Bf6 Rh7
27. Rd8 Qb7 28. Red1 Nh6 29. Nfg5 Rg7 30. Be7 Nf5 31. Bxf8 1-0

[Event "World Blitz 2023"]
[Site "Samarkand UZB"]
[Date "2023.12.29"]
[EventDate "2023.12.29"]
[Round "10.13"]
[Result "0-1"]
[White "Levan Pantsulaia"]
[Black "Peter Svidler"]
[WhiteElo "2579"]
[BlackElo "2689"]
[PlyCount "70"]

1. c4 e5 2. Nc3 Bb4 3. Nd5 a5 4. a3 Bc5 5. Nf3 c6 6. Nc3 d6 7. e3 Nd7 8. d4
Ba7 9. b3 Ngf6 10. Qc2 O-O 11. Bb2 Qe7 12. Be2 Re8 13. O-O Bb8 14. h3 e4
15. Nd2 d5 16. cxd5 cxd5 17. Nb5 Nf8 18. Rfc1 Ne6 19. a4 Qd7 20. Ba3 Ra6
21. Qd1 Rc6 22. Nc3 Qc7 23. Nf1 Ng5 24. Bb5 Bxh3 25. Bxc6 bxc6 26. gxh3
Nf3+ 27. Kg2 Re6 28. Ne2 Nh5 29. Neg3 Rg6 30. Qc2 Nxg3 31. fxg3 Rxg3+ 32.
Kf2 Rxh3 33. Qxc6 Rh2+ 34. Nxh2 Qxh2+ 35. Kf1 Qg1+ 0-1

[Event "World Blitz 2023"]
[Site "Samarkand UZB"]
[Date "2023.12.29"]
[EventDate "2023.12.29"]
[Round "10.14"]
[Result "1/2-1/2"]
[White "Vladislav Kovalev"]
[Black "Santosh Gujrathi Vidit"]
[WhiteElo "2539"]
[BlackElo "2642"]
[PlyCount "56"]

1. e4 e5 2. Nf3 Nc6 3. Bb5 Nf6 4. O-O Nxe4 5. Re1 Nd6 6. Nxe5 Be7 7. Bf1
Nxe5 8. Rxe5 O-O 9. d4 Bf6 10. Re1 Re8 11. c3 Rxe1 12. Qxe1 Ne8 13. Bf4 d5
14. Bd3 g6 15. Nd2 Ng7 16. Qe2 c6 17. Re1 Bf5 18. Bxf5 Nxf5 19. Nf3 Ng7 20.
Be5 Ne6 21. Bxf6 Qxf6 22. Ne5 Re8 23. Ng4 Qd8 24. Qe5 Ng7 25. Qxe8+ Nxe8
26. Rxe8+ Qxe8 27. Nf6+ Kf8 28. Nxe8 1/2-1/2

[Event "World Blitz 2023"]
[Site "Samarkand UZB"]
[Date "2023.12.29"]
[EventDate "2023.12.29"]
[Round "10.15"]
[Result "1-0"]
[White "S L Narayanan"]
[Black "Vahap Sanal"]
[WhiteElo "2564"]
[BlackElo "2637"]
[PlyCount "120"]

1. d4 d6 2. e4 Nf6 3. Nc3 e5 4. Nge2 Be7 5. g3 c6 6. a4 O-O 7. Bg2 Re8 8.
O-O Nbd7 9. h3 Nf8 10. Be3 Ng6 11. Qd2 Qc7 12. f4 exd4 13. Bxd4 d5 14. e5
Nd7 15. b3 Ngf8 16. Rae1 f6 17. exf6 Bxf6 18. Bxf6 Nxf6 19. g4 Bd7 20. f5
Qb6+ 21. Qd4 c5 22. Qf2 d4 23. Nd5 Nxd5 24. Bxd5+ Kh8 25. Nf4 Bc6 26. f6
Qc7 27. fxg7+ Qxg7 28. Nh5 Qh6 29. Bxc6 bxc6 30. Rxe8 Rxe8 31. Qf7 Ra8 32.
Rf6 Qe3+ 33. Kg2 Qe2+ 34. Rf2 Qe4+ 35. Kg3 Qe5+ 36. Qf4 Ng6 37. Qxe5+ Nxe5
38. Rf5 Re8 39. h4 c4 40. bxc4 Nxc4 41. Rc5 Ne5 42. Kf4 Ng6+ 43. Kg5 Re5+
44. Rxe5 Nxe5 45. Kf5 d3 46. cxd3 Nxd3 47. Nf6 Kg7 48. Ne4 c5 49. Ke6 a5
50. Kd5 Nf4+ 51. Kxc5 h5 52. gxh5 Kh6 53. Kb5 Nd3 54. Ng3 Nf4 55. Kxa5 Ne6
56. Kb6 Nf8 57. a5 Nd7+ 58. Kc6 Nb8+ 59. Kb7 Nd7 60. a6 1-0

[Event "World Blitz 2023"]
[Site "Samarkand UZB"]
[Date "2023.12.29"]
[EventDate "2023.12.29"]
[Round "10.16"]
[Result "0-1"]
[White "Laurent Fressinet"]
[Black "Volodar Murzin"]
[WhiteElo "2636"]
[BlackElo "2591"]
[PlyCount "88"]

1. d4 d5 2. Nf3 Nf6 3. c4 c6 4. g3 Bg4 5. Ne5 h5 6. Nxg4 hxg4 7. Bg2 e6 8.
Qb3 Qb6 9. c5 Qa6 10. Nc3 Nbd7 11. Bf4 Rh5 12. O-O e5 13. dxe5 Nxe5 14. Qa4
Qxa4 15. Nxa4 O-O-O 16. b4 Nc4 17. f3 Re8 18. Rae1 Ne3 19. Bxe3 Rxe3 20.
fxg4 Rhe5 21. Bf3 Ra3 22. Nb2 Rxa2 23. Nd3 Re7 24. Ra1 Rxa1 25. Rxa1 a6 26.
h4 g6 27. g5 Ne4 28. Kg2 Bg7 29. Rc1 Nd2 30. Rc2 Nc4 31. Kh3 Kd8 32. g4 Bd4
33. Rc1 Ke8 34. Rd1 Be3 35. Kg3 Kf8 36. Kh3 Kg7 37. Kg3 Nd2 38. Kg2 Nb3 39.
Rb1 Nd4 40. Rd1 Nb5 41. Ra1 Nc3 42. Ra3 Bd4 43. Kf1 Nd1 44. Ra1 Bxa1 0-1

[Event "World Blitz 2023"]
[Site "Samarkand UZB"]
[Date "2023.12.29"]
[EventDate "2023.12.29"]
[Round "10.18"]
[Result "1-0"]
[White "Alexander Riazantsev"]
[Black "Jakub Kosakowski"]
[WhiteElo "2621"]
[BlackElo "2485"]
[PlyCount "80"]

1. d4 Nf6 2. c4 e6 3. Nc3 d5 4. Bg5 Bb4 5. e3 h6 6. Bxf6 Qxf6 7. Nf3 O-O 8.
Rc1 c5 9. cxd5 cxd4 10. Qxd4 Qxd4 11. Nxd4 exd5 12. a3 Ba5 13. Bb5 Bd7 14.
Bxd7 Bxc3+ 15. Rxc3 Nxd7 16. Ke2 Rac8 17. Rhc1 Nb6 18. Rc7 g6 19. R1c2 Rxc7
20. Rxc7 Rb8 21. b3 Kf8 22. Nb5 Na8 23. Rc5 Nb6 24. Nxa7 Ke7 25. Nb5 Ke6
26. a4 Nd7 27. Rc7 b6 28. Rc6+ Ke7 29. Nc3 Nf6 30. h3 Rb7 31. Kd3 Rb8 32.
Kd4 Nd7 33. Nxd5+ Kf8 34. b4 Rd8 35. Rd6 Ke8 36. e4 Rc8 37. Nxb6 Nxb6 38.
Rxb6 Rc2 39. Rb7 Rxf2 40. a5 1-0

[Event "World Blitz 2023"]
[Site "Samarkand UZB"]
[Date "2023.12.29"]
[EventDate "2023.12.29"]
[Round "10.19"]
[Result "1/2-1/2"]
[White "Arseniy Nesterov"]
[Black "Aleksandr Shimanov"]
[WhiteElo "2488"]
[BlackElo "2611"]
[PlyCount "122"]

1. d4 g6 2. e4 d6 3. Nf3 Nf6 4. Bd3 Bg7 5. O-O O-O 6. h3 c5 7. c3 Nc6 8.
Re1 cxd4 9. cxd4 Nd7 10. Be3 a6 11. Nc3 b5 12. Rc1 Bb7 13. Bf1 Rc8 14. d5
Nce5 15. Nxe5 Nxe5 16. Bd4 Re8 17. f4 Nd7 18. Bxg7 Kxg7 19. Qd4+ Kg8 20.
Ne2 e5 21. dxe6 Rxe6 22. Nc3 Qb6 23. Qxb6 Nxb6 24. a3 Nc4 25. Bxc4 Rxc4 26.
Rcd1 Bc6 27. f5 gxf5 28. exf5 Rxe1+ 29. Rxe1 Kf8 30. Rd1 Ke7 31. g4 a5 32.
Nd5+ Bxd5 33. Rxd5 Rc1+ 34. Kf2 Rc2+ 35. Kg3 Rxb2 36. a4 bxa4 37. Rxa5 Ra2
38. Kf4 h6 39. Ra7+ Ke8 40. g5 Rf2+ 41. Kg3 Rxf5 42. gxh6 Rh5 43. Ra8+ Ke7
44. Rxa4 Rxh6 45. h4 Kf6 46. Kg4 Rg6+ 47. Kf4 Kg7 48. Ra7 Rf6+ 49. Kg4 Kg6
50. h5+ Kh6 51. Rd7 Kg7 52. Kg5 Re6 53. Kg4 Re4+ 54. Kf3 Re6 55. Kg4 Re4+
56. Kf3 Rd4 57. h6+ Kg6 58. h7 Rh4 59. Rxd6+ f6 60. Rd7 Rxh7 61. Rxh7 Kxh7
1/2-1/2

[Event "World Blitz 2023"]
[Site "Samarkand UZB"]
[Date "2023.12.29"]
[EventDate "2023.12.29"]
[Round "10.20"]
[Result "1/2-1/2"]
[White "Ivan Cheparinov"]
[Black "Aleksandr Rakhmanov"]
[WhiteElo "2613"]
[BlackElo "2521"]
[PlyCount "72"]

1. e4 c5 2. Nf3 Nf6 3. e5 Nd5 4. Nc3 Nxc3 5. dxc3 Nc6 6. Bf4 Qb6 7. Qc1 e6
8. Nd2 Qd8 9. Ne4 Qc7 10. Nd6+ Bxd6 11. exd6 Qd8 12. Bd3 h6 13. h4 b6 14.
Qe3 Bb7 15. O-O-O Rg8 16. Bh7 Rh8 17. Be4 Na5 18. Bxb7 Nxb7 19. Qg3 Kf8 20.
Be5 f6 21. Bf4 Na5 22. Kb1 Qe8 23. Qf3 Nc6 24. g4 Qg6 25. h5 Qf7 26. Bg3
Ke8 27. Qd3 a6 28. Rhe1 Kd8 29. a4 Kc8 30. Qe4 a5 31. Re3 Kb7 32. Qc4 Rhf8
33. Rf3 e5 34. Qe4 Qe6 35. Rf5 Rfe8 36. b3 Rac8 1/2-1/2

[Event "World Blitz 2023"]
[Site "Samarkand UZB"]
[Date "2023.12.29"]
[EventDate "2023.12.29"]
[Round "10.22"]
[Result "0-1"]
[White "Dmitry Andreikin"]
[Black "Nodirbek Yakubboev"]
[WhiteElo "2741"]
[BlackElo "2582"]
[PlyCount "150"]

1. d4 Nf6 2. c4 e6 3. Nf3 d5 4. Bg5 h6 5. Bxf6 Qxf6 6. e3 g6 7. Qc2 c6 8.
Nbd2 Nd7 9. Bd3 Bg7 10. O-O O-O 11. e4 dxc4 12. Nxc4 Qe7 13. e5 c5 14. Rfe1
cxd4 15. Nxd4 Rd8 16. Qc3 Nb6 17. Nxb6 axb6 18. Nf3 Bd7 19. Be4 Be8 20. h4
Rdc8 21. Qb3 b5 22. Rac1 b4 23. g3 Rab8 24. Qe3 Ra8 25. Qb6 Bf8 26. Qxb7
Qxb7 27. Bxb7 Rxc1 28. Rxc1 Rxa2 29. Rc8 Bd7 30. Rd8 Ba4 31. Rd2 b3 32. h5
gxh5 33. Kg2 Kg7 34. Be4 Bb5 35. Nd4 Bb4 36. Rd1 Bc4 37. Nc6 Bf8 38. Rd7
Bb5 39. Rd2 Ba3 40. Nd4 Ba4 41. Nf3 Bxb2 42. Rd8 Ba3 43. Ra8 Bc5 44. Rc8
Rxf2+ 45. Kh3 Be3 46. Rb8 b2 47. Rb4 Bd1 48. Nh2 Bc5 49. Rb5 Bd4 50. Bb1
Be2 51. Rb4 Bc3 52. Re4 Bb5 53. Re3 Bd4 54. Re4 Bc5 55. g4 hxg4+ 56. Nxg4
Rf1 57. Nf6 h5 58. Nxh5+ Kf8 59. Bc2 Rh1+ 60. Kg4 b1=Q 61. Bxb1 Rxb1 62.
Nf6 Be7 63. Nh5 Bc6 64. Rc4 Rb6 65. Nf4 Ke8 66. Rc1 Kd7 67. Rd1+ Ke8 68.
Rc1 Be4 69. Rc8+ Kd7 70. Rc4 Bf5+ 71. Kh5 Rb5 72. Rd4+ Ke8 73. Kh6 Bf8+ 74.
Kg5 Rxe5 75. Kf6 Rb5 0-1

[Event "World Blitz 2023"]
[Site "Samarkand UZB"]
[Date "2023.12.29"]
[EventDate "2023.12.29"]
[Round "10.23"]
[Result "0-1"]
[White "Renato Terry"]
[Black "AR Saleh Salem"]
[WhiteElo "2578"]
[BlackElo "2668"]
[PlyCount "142"]

1. d4 Nf6 2. Bg5 Ne4 3. Bf4 c5 4. f3 Qa5+ 5. c3 Nf6 6. d5 e6 7. e4 exd5 8.
exd5 d6 9. Na3 Be7 10. Nc4 Qd8 11. a4 O-O 12. Ne2 Nh5 13. Be3 Re8 14. Qd2
Nd7 15. g4 Bh4+ 16. Kd1 Nhf6 17. g5 Nxd5 18. Qxd5 Nb6 19. Nxb6 Qxb6 20. Qd2
Rxe3 21. Qxe3 Qb3+ 22. Kc1 Bf5 23. Qd2 Re8 24. Ra3 Qe6 25. Nf4 Qe5 26. Nd3
Qd5 27. Rg1 c4 28. Nf2 Qxd2+ 29. Kxd2 Bxf2 30. Rg2 Be3+ 31. Kd1 Bh3 32. f4
Bxg2 33. Bxg2 Bxf4 34. Bxb7 Rb8 35. Bd5 Rxb2 36. Bxc4 d5 37. Ba2 g6 38. a5
Rxh2 39. Ke1 Bxg5 40. Bxd5 h5 41. Rb3 Bh4+ 42. Kd1 Rf2 43. Rb7 a6 44. Ra7
Rf6 45. Bc4 Rf4 46. Bxa6 Bf2 47. Ra8+ Kg7 48. Bb7 g5 49. a6 g4 50. Ke2 g3
51. Bd5 Ra4 52. c4 h4 53. Bg2 Rxc4 54. Rd8 Ra4 55. Rd6 f6 56. Bh3 Kg6 57.
Kf3 Ra2 58. Rc6 Bd4 59. Rd6 Ba7 60. Rc6 g2 61. Bxg2 Rf2+ 62. Kg4 Rxg2+ 63.
Kxh4 Ra2 64. Kg4 Ra4+ 65. Kf3 Kg5 66. Kg3 f5 67. Kf3 Ra3+ 68. Ke2 f4 69.
Rd6 f3+ 70. Kd2 f2 71. Ke2 Ra2+ 0-1

[Event "World Blitz 2023"]
[Site "Samarkand UZB"]
[Date "2023.12.29"]
[EventDate "2023.12.29"]
[Round "10.24"]
[Result "0-1"]
[White "Pouya Idani"]
[Black "Evgeny Tomashevsky"]
[WhiteElo "2574"]
[BlackElo "2663"]
[PlyCount "158"]

1. e4 e5 2. Nf3 Nc6 3. Bc4 Nf6 4. d3 Bc5 5. Nc3 h6 6. h3 a6 7. a4 d6 8. Be3
Bxe3 9. fxe3 O-O 10. O-O Be6 11. Nd2 Nb4 12. Rf2 c6 13. a5 d5 14. Bb3 Qe7
15. Qf3 Rad8 16. exd5 cxd5 17. e4 dxe4 18. Ncxe4 Nxe4 19. Qxe4 Bxb3 20.
Nxb3 Nc6 21. Nd2 Nd4 22. Nc4 f6 23. Re1 Qd7 24. Nb6 Qc6 25. c3 Qxe4 26.
dxe4 Nc6 27. b4 Ne7 28. c4 Rd4 29. Rc2 Kf7 30. Kf2 Nc6 31. Nd5 Rc8 32. Ke3
Ne7 33. Rec1 Ke6 34. g3 f5 35. exf5+ Nxf5+ 36. Kf2 Nd6 37. Ne3 Rf8+ 38. Kg2
Rd3 39. Re1 Rc8 40. c5 Nf5 41. Nxf5 Kxf5 42. Rf2+ Ke6 43. Rfe2 Rd5 44. h4
Rf8 45. Re3 h5 46. R1e2 Rf5 47. Re4 g6 48. R4e3 Rf7 49. Re4 Rf5 50. Kh3 Rf3
51. Kg2 Rfd3 52. Kh3 R3d4 53. Kg2 Rxe4 54. Rxe4 Rd3 55. b5 Kd5 56. bxa6
bxa6 57. Rb4 Kxc5 58. Rb6 Rd6 59. Rb8 Rf6 60. Re8 Kd4 61. Rd8+ Ke3 62. Rb8
Rf2+ 63. Kh3 Ra2 64. Rb6 Rxa5 65. Rxg6 e4 66. Rg5 Rb5 67. g4 hxg4+ 68. Kxg4
Kf2 69. Rg8 e3 70. Rf8+ Kg2 71. Re8 Kf2 72. Rf8+ Ke1 73. h5 e2 74. h6 Rb7
75. Kg5 Rd7 76. Rb8 Kd2 77. Rb2+ Ke3 78. Rb1 Kf2 79. Rb2 Kf1 0-1

[Event "World Blitz 2023"]
[Site "Samarkand UZB"]
[Date "2023.12.29"]
[EventDate "2023.12.29"]
[Round "10.1"]
[Result "0-1"]
[White "Maxim Matlakov"]
[Black "M Amin Tabatabaei"]
[WhiteElo "2638"]
[BlackElo "2573"]
[PlyCount "86"]

1. d4 d5 2. c4 c6 3. Nf3 Nf6 4. e3 Bf5 5. Nc3 e6 6. Nh4 Be4 7. f3 Bg6 8.
Qb3 Qc7 9. Bd2 Be7 10. Nxg6 hxg6 11. O-O-O dxc4 12. Qxc4 a6 13. Kb1 b5 14.
Qe2 c5 15. Rc1 c4 16. g4 Nc6 17. h4 Nd5 18. Bg2 O-O-O 19. f4 Kb8 20. f5
Ncb4 21. Nxd5 exd5 22. Bxb4 Bxb4 23. e4 Rhe8 24. e5 gxf5 25. gxf5 f6 26. e6
Qf4 27. Qf3 Qxf3 28. Bxf3 Bd2 29. Rcg1 Re7 30. h5 Kc7 31. Rg4 Kd6 32. Rhg1
Bh6 33. Kc2 Rc8 34. Rg6 b4 35. R1g2 a5 36. Kd1 a4 37. R6g3 b3 38. axb3 axb3
39. Rh2 Bf4 40. Rhg2 Bxg3 41. Rxg3 c3 42. Kc1 c2 43. Bg2 Ra7 0-1

[Event "World Blitz 2023"]
[Site "Samarkand UZB"]
[Date "2023.12.29"]
[EventDate "2023.12.29"]
[Round "10.2"]
[Result "1-0"]
[White "Shant Sargsyan"]
[Black "Rinat Jumabayev"]
[WhiteElo "2633"]
[BlackElo "2561"]
[PlyCount "54"]

1. d4 Nf6 2. c4 e6 3. Nf3 Bb4+ 4. Bd2 c5 5. Bxb4 cxb4 6. a3 bxa3 7. Rxa3
O-O 8. Nc3 b6 9. e4 d6 10. Bd3 Nc6 11. O-O e5 12. h3 exd4 13. Nb5 Bb7 14.
Re1 Re8 15. Nbxd4 Nxd4 16. Nxd4 Nxe4 17. Nb5 a6 18. Bxe4 Rxe4 19. Rxe4 Bxe4
20. Nxd6 Bg6 21. Qd4 h6 22. b4 a5 23. bxa5 bxa5 24. c5 Qc7 25. Rg3 Kh7 26.
f4 f6 27. Rxg6 Kxg6 1-0

[Event "World Blitz 2023"]
[Site "Samarkand UZB"]
[Date "2023.12.29"]
[EventDate "2023.12.29"]
[Round "10.3"]
[Result "1-0"]
[White "Nikita Petrov"]
[Black "Aleksey Dreev"]
[WhiteElo "2521"]
[BlackElo "2599"]
[PlyCount "118"]

1. e4 c6 2. Nf3 d5 3. exd5 cxd5 4. d4 Nf6 5. Ne5 a6 6. c3 Nc6 7. Bf4 g6 8.
Nd2 Bg7 9. Be2 O-O 10. O-O Nd7 11. Nd3 e5 12. dxe5 Ndxe5 13. Nxe5 Nxe5 14.
Nf3 Nxf3+ 15. Bxf3 Be6 16. Be3 Rc8 17. Qd2 Qa5 18. a3 Rfd8 19. Rad1 b5 20.
Rfe1 d4 21. Bxd4 Bxd4 22. cxd4 Qxd2 23. Rxd2 Bd5 24. Bxd5 Rxd5 25. f3 Rcd8
26. Red1 Kf8 27. Kf2 Ke7 28. Ke3 Rc8 29. Rd3 Kd7 30. Rc3 Rxc3+ 31. bxc3 Rd6
32. Kd3 Kc6 33. Re1 Kd7 34. Re5 Rc6 35. a4 Rb6 36. axb5 axb5 37. Kc2 f6 38.
Rc5 b4 39. c4 Re6 40. Kd3 Ra6 41. Rb5 Ra3+ 42. Ke4 Ra2 43. Kd5 Rxg2 44.
Rb7+ Kc8 45. Rxb4 Rxh2 46. Kc6 Ra2 47. c5 h5 48. d5 Ra6+ 49. Rb6 Ra7 50. d6
h4 51. Kd5 h3 52. c6 Ra5+ 53. Ke6 Re5+ 54. Kxf6 Rf5+ 55. Ke6 h2 56. d7+ Kc7
57. Rb8 h1=Q 58. d8=Q+ Kxc6 59. Rb6+ 1-0

[Event "World Blitz 2023"]
[Site "Samarkand UZB"]
[Date "2023.12.29"]
[EventDate "2023.12.29"]
[Round "10.4"]
[Result "0-1"]
[White "Baadur Jobava"]
[Black "Mahammad Muradli"]
[WhiteElo "2599"]
[BlackElo "2551"]
[PlyCount "112"]

1. e4 c5 2. c3 Nf6 3. e5 Nd5 4. g3 d6 5. exd6 e6 6. Bg2 Bxd6 7. Ne2 O-O 8.
O-O Nc6 9. d4 Re8 10. c4 Nb6 11. dxc5 Bxc5 12. b3 Nb4 13. Nbc3 a5 14. Ne4
Be7 15. Be3 Qc7 16. Nd4 Bd7 17. a3 Na6 18. Nb5 Qd8 19. Qd4 Nd5 20. Nbd6
Nxe3 21. fxe3 Rf8 22. Nxb7 Qc7 23. Nxa5 Rad8 24. Qc3 f5 25. Nb7 Rb8 26. Nf2
Bf6 27. Qa5 Rxb7 28. Qxa6 Rxb3 29. Rab1 Rxb1 30. Rxb1 Rd8 31. Qb6 Qe5 32.
Rd1 Kf7 33. c5 Ke8 34. c6 Bc8 35. Rxd8+ Bxd8 36. Qd4 Qxd4 37. exd4 Bb6 38.
d5 Ke7 39. Kf1 e5 40. Ke1 Kd6 41. Nd3 e4 42. Nb4 Bc5 43. Bf1 g6 44. Kd2 Bg1
45. Ba6 Bxa6 46. Nxa6 Bxh2 47. a4 Bxg3 48. c7 Kd7 49. a5 h5 50. Kc3 h4 51.
Kc4 h3 52. Kb5 h2 53. Kb6 Bxc7+ 54. Nxc7 h1=Q 55. a6 Qg1+ 56. Kb7 Qb1+ 0-1

[Event "World Blitz 2023"]
[Site "Samarkand UZB"]
[Date "2023.12.29"]
[EventDate "2023.12.29"]
[Round "10.5"]
[Result "1-0"]
[White "Klementy Sychev"]
[Black "Johan-Sebastian Christiansen"]
[WhiteElo "2583"]
[BlackElo "2541"]
[PlyCount "230"]

1. d4 Nf6 2. Bg5 d5 3. Nd2 e6 4. e4 h6 5. Bxf6 Qxf6 6. Ngf3 Qd8 7. c3 c5 8.
Bb5+ Bd7 9. Bxd7+ Qxd7 10. Ne5 Qc7 11. exd5 exd5 12. Qb3 Be7 13. Qxd5 O-O
14. O-O Nc6 15. Ndf3 Rad8 16. Qc4 cxd4 17. Nxc6 bxc6 18. Nxd4 c5 19. Nf5
Bf6 20. Rad1 Qe5 21. Ne3 Rb8 22. Rd2 Bg5 23. Rd5 Qe6 24. b3 Bxe3 25. fxe3
Qxe3+ 26. Kh1 Rbc8 27. Rd7 Kh8 28. Rxa7 Rcd8 29. Raxf7 Rxf7 30. Qxf7 Qxc3
31. h3 Qb2 32. Qe7 Rc8 33. Rf8+ Rxf8 34. Qxf8+ Kh7 35. Qf5+ Kh8 36. Qf8+
Kh7 37. Qxc5 Qxa2 38. b4 Qa3 39. Qc2+ Kh8 40. Qc8+ Kh7 41. Qf5+ Kh8 42. Qe4
Qb2 43. Kh2 Qb3 44. Qd4 Qa4 45. Qd8+ Kh7 46. Qd3+ Kh8 47. Qc4 Kh7 48. Kg3
Qa3+ 49. Kf2 Qb2+ 50. Kg3 Qe5+ 51. Qf4 Qc3+ 52. Kh2 Qb3 53. Qe4+ Kh8 54.
Qe8+ Kh7 55. Qe4+ Kh8 56. Kg1 Qd1+ 57. Kf2 Qd2+ 58. Kf3 Qd1+ 59. Kf4 Qd6+
60. Ke3 Qd1 61. Qe8+ Kh7 62. Qe4+ Kh8 63. Kf2 Qd2+ 64. Kf3 Qd1+ 65. Kg3
Qd6+ 66. Kg4 Qd7+ 67. Kf4 Qd6+ 68. Ke3 Qd1 69. h4 Qe1+ 70. Kf3 Qd1+ 71. Kg3
Qd6+ 72. Kh3 Qd7+ 73. Kh2 Qd6+ 74. g3 Qd2+ 75. Kh3 Qd7+ 76. Kg2 Qd2+ 77.
Kf3 Qd1+ 78. Kf4 Qd6+ 79. Kg4 Qd7+ 80. Kf4 Qd6+ 81. Kf3 Qd1+ 82. Kg2 Qd2+
83. Kh3 Qd7+ 84. g4 Qd1 85. h5 Qf1+ 86. Kg3 Qg1+ 87. Kf4 Qc1+ 88. Ke5 Qc7+
89. Ke6 Qb6+ 90. Kd7 Qa7+ 91. Kc8 Qa6+ 92. Kc7 Qa7+ 93. Qb7 Qd4 94. Qc8+
Kh7 95. Qf5+ Kh8 96. b5 Qc4+ 97. Kb7 Qb4 98. b6 Qe7+ 99. Kc8 Qe8+ 100. Kc7
Qe7+ 101. Kc6 Qe8+ 102. Qd7 Qe4+ 103. Kc7 Qc4+ 104. Kb8 Qf4+ 105. Qc7 Qb4
106. b7 Kh7 107. Qc2+ Kh8 108. Qc8+ Kh7 109. Qf5+ Kh8 110. Kc7 Qc3+ 111.
Kd6 Qb4+ 112. Kc6 Qc4+ 113. Qc5 Qe4+ 114. Kb6 Qb1+ 115. Qb5 Qg1+ 1-0

[Event "World Blitz 2023"]
[Site "Samarkand UZB"]
[Date "2023.12.29"]
[EventDate "2023.12.29"]
[Round "10.6"]
[Result "0-1"]
[White "Asrorjon Omonov"]
[Black "Vasquez Schroeder, Rodrigo"]
[WhiteElo "2069"]
[BlackElo "2582"]
[PlyCount "90"]

1. d4 Nf6 2. c4 e6 3. Nc3 Bb4 4. e3 O-O 5. Bd3 c5 6. Ne2 d5 7. cxd5 cxd4 8.
exd4 Nxd5 9. O-O Nc6 10. a3 Bd6 11. Nxd5 exd5 12. Be3 Be6 13. b4 Rc8 14.
Rc1 Qd7 15. Nc3 Ne7 16. Qa4 Nc6 17. Qd1 Ne7 18. Qa4 Nc6 19. Qd1 Rfd8 20.
Na4 Bf5 21. Bxf5 Qxf5 22. Nc5 Bxc5 23. Rxc5 b6 24. Rc1 Qd7 25. Qd3 Ne7 26.
h3 h6 27. Bf4 Rxc1 28. Rxc1 Rc8 29. Re1 Ng6 30. Bg3 Rc4 31. Kh2 h5 32. Be5
Rc8 33. Qf3 h4 34. Qd3 Re8 35. Rc1 Nxe5 36. dxe5 Rxe5 37. Rc3 d4 38. Rc4
Rd5 39. f4 g6 40. Rc2 Qd6 41. Rf2 Kg7 42. Kh1 Rf5 43. Qe4 Qd5 44. Qd3 g5
45. Qd2 0-1

[Event "World Blitz 2023"]
[Site "Samarkand UZB"]
[Date "2023.12.29"]
[EventDate "2023.12.29"]
[Round "10.7"]
[Result "0-1"]
[White "David Paravyan"]
[Black "Fabiano Caruana"]
[WhiteElo "2566"]
[BlackElo "2815"]
[PlyCount "84"]

1. e4 c5 2. Nf3 d6 3. d4 cxd4 4. Nxd4 Nf6 5. Nc3 a6 6. Bd3 g6 7. Be2 Bg7 8.
Be3 b5 9. Bf3 e5 10. Nf5 gxf5 11. exf5 d5 12. Nxd5 e4 13. Nxf6+ Qxf6 14.
Bxe4 Nc6 15. Qd5 Bb7 16. Qc5 O-O-O 17. O-O Qd6 18. Qb6 Bd4 19. Bxd4 Qxd4
20. Qxd4 Nxd4 21. Rfe1 Rhe8 22. Bxb7+ Kxb7 23. Rxe8 Rxe8 24. c3 Nxf5 25.
Kf1 Kc6 26. a4 Nd6 27. axb5+ axb5 28. Ra6+ Kc5 29. Ra7 Nc4 30. g4 Nxb2 31.
Rc7+ Kd5 32. Rxf7 Na4 33. Rc7 h6 34. Kg2 Re4 35. h3 Rc4 36. Rh7 Rxc3 37.
Rxh6 b4 38. g5 b3 39. g6 Rc8 40. Rh4 b2 41. Rb4 Rg8 42. Kf3 Rxg6 0-1

[Event "World Blitz 2023"]
[Site "Samarkand UZB"]
[Date "2023.12.29"]
[EventDate "2023.12.29"]
[Round "10.8"]
[Result "0-1"]
[White "Haik M Martirosyan"]
[Black "Gadir Guseinov"]
[WhiteElo "2770"]
[BlackElo "2563"]
[PlyCount "138"]

1. d4 Nf6 2. c4 g6 3. Nc3 Bg7 4. e4 d6 5. Be2 O-O 6. Be3 e5 7. d5 Na6 8. h4
c6 9. h5 Nc5 10. Qc2 cxd5 11. cxd5 Bd7 12. h6 Bh8 13. Bxc5 dxc5 14. Nf3 Ne8
15. Nd2 Nd6 16. Nc4 Qe7 17. a4 Rad8 18. O-O-O a6 19. Nxd6 Qxd6 20. Bc4 Bf6
21. Qe2 Rb8 22. a5 Bd8 23. Qe3 Bxa5 24. Ne2 b5 25. Ba2 c4 26. Kb1 Rfc8 27.
Rc1 Rc7 28. Rc2 Rbc8 29. Rhc1 Qf6 30. Qa3 Qb6 31. Qg3 Qd6 32. Nd4 Bb6 33.
Nf3 Re8 34. Qg5 a5 35. Qd2 a4 36. Qg5 Ba5 37. Qe3 Bb4 38. Qg5 Bc5 39. Qd2
Qf6 40. Qa5 Qb6 41. Qd2 Qd6 42. Qg5 Ba7 43. Qd2 Bb6 44. Qg5 Ba5 45. Qe3 Bb4
46. Qg5 Bc5 47. Qd2 a3 48. b3 Bb4 49. Qg5 c3 50. Ng1 Ba5 51. Ka1 b4 52. Bb1
Bb6 53. Ka2 Bb5 54. Qg3 Qf6 55. Rd1 Qf4 56. Qh3 Qf6 57. Qg3 Rcc8 58. Nf3
Bc7 59. Rcc1 Bd6 60. Bd3 Bxd3 61. Rxd3 Rc7 62. Rc2 Rce7 63. Ng1 Qf4 64.
Qxf4 exf4 65. f3 f5 66. exf5 gxf5 67. Rd4 Re1 68. Nh3 Rf1 69. Nxf4 Ree1 0-1

[Event "World Blitz 2023"]
[Site "Samarkand UZB"]
[Date "2023.12.29"]
[EventDate "2023.12.29"]
[Round "10.9"]
[Result "1-0"]
[White "Alexander Grischuk"]
[Black "Denis Lazavik"]
[WhiteElo "2699"]
[BlackElo "2556"]
[PlyCount "78"]

1. d4 Nf6 2. Bf4 d5 3. e3 c5 4. Nf3 Nc6 5. Nbd2 Bg4 6. c3 e6 7. Qb3 Qc8 8.
Nh4 Bh5 9. h3 cxd4 10. exd4 Qd7 11. g4 Bg6 12. Nxg6 hxg6 13. Be2 Rc8 14.
Be3 Bd6 15. O-O-O a6 16. Kb1 b5 17. Rc1 Na5 18. Qd1 Nc4 19. Nxc4 bxc4 20.
h4 Rb8 21. Ka1 Kd8 22. h5 gxh5 23. gxh5 Kc7 24. Rg1 Rhg8 25. Qc2 Qc6 26.
Rg2 Ne8 27. Rcg1 Rh8 28. f4 Qd7 29. f5 exf5 30. Bf3 Rb5 31. Rg5 Qe6 32. Bc1
f4 33. Qg2 f5 34. Rxg7+ Kc8 35. Rg8 Rxg8 36. Qxg8 Qxg8 37. Rxg8 Kd7 38. h6
Nf6 39. h7 1-0

[Event "World Blitz 2023"]
[Site "Samarkand UZB"]
[Date "2023.12.29"]
[EventDate "2023.12.29"]
[Round "10.10"]
[Result "1-0"]
[White "Raunak Sadhwani"]
[Black "Pavel Ponkratov"]
[WhiteElo "2668"]
[BlackElo "2547"]
[PlyCount "64"]

1. c4 e5 2. d3 Nf6 3. Nf3 Nc6 4. a3 d5 5. cxd5 Nxd5 6. Qc2 Bg4 7. Nbd2 Qd7
8. e3 Be7 9. Be2 a5 10. b3 f6 11. Bb2 O-O 12. O-O Rac8 13. Rac1 Kh8 14.
Rfe1 Rfd8 15. Ne4 Be6 16. Kh1 Bg8 17. g4 Qe6 18. Rg1 Nb6 19. Nfd2 Rd7 20.
Rg3 Rcd8 21. Rcg1 Rd5 22. h4 Nd7 23. Nc3 Nc5 24. Nxd5 Qxd5+ 25. Kh2 Nxd3
26. e4 Qc5 27. Qxc5 Nxc5 28. Rd1 Rxd2 29. Rxd2 Nxe4 30. Rd7 Nxg3 31. fxg3
Bd6 32. Bf3 Bxb3 1-0

[Event "World Blitz 2023"]
[Site "Samarkand UZB"]
[Date "2023.12.29"]
[EventDate "2023.12.29"]
[Round "10.11"]
[Result "0-1"]
[White "Velimir Ivic"]
[Black "Teimour Radjabov"]
[WhiteElo "2542"]
[BlackElo "2664"]
[PlyCount "84"]

1. e4 e6 2. d4 d5 3. Nc3 a6 4. Bd3 Nc6 5. Nf3 Nb4 6. Be2 Nf6 7. e5 Nd7 8.
a3 Nc6 9. O-O Ne7 10. Re1 c5 11. dxc5 Nxc5 12. Bg5 Qc7 13. Bd3 h6 14. Bf4
Bd7 15. h4 Rc8 16. Qe2 Qb6 17. Rab1 Nxd3 18. cxd3 Nc6 19. Qd2 Be7 20. h5
Kf8 21. Ne2 Kg8 22. Be3 Qa5 23. Qd1 Kh7 24. Ned4 Rhf8 25. Qe2 Qa4 26. Rbc1
Nxd4 27. Nxd4 Rxc1 28. Rxc1 Rc8 29. Rxc8 Bxc8 30. f4 Bd7 31. Qd2 Bc5 32.
Nf3 d4 33. Bf2 Bc6 34. Ne1 Qb3 35. Qc2 Qb5 36. b4 Bb6 37. Qc4 Qa4 38. Bxd4
Qd1 39. Bxb6 Qxe1+ 40. Kh2 Qe2 41. Kh3 Qxg2+ 42. Kh4 Bf3 0-1

[Event "World Blitz 2023"]
[Site "Samarkand UZB"]
[Date "2023.12.29"]
[EventDate "2023.12.29"]
[Round "10.12"]
[Result "1-0"]
[White "Van Foreest, Jorden"]
[Black "Ilia Iljiushenok"]
[WhiteElo "2664"]
[BlackElo "2479"]
[PlyCount "46"]

1. e4 c6 2. d4 d5 3. e5 Bf5 4. Ne2 e6 5. Ng3 Bg6 6. h4 h5 7. c4 Ne7 8. Nc3
Nd7 9. Bg5 Qb6 10. Rc1 Rd8 11. cxd5 exd5 12. Be2 Qxb2 13. O-O f6 14. exf6
gxf6 15. Be3 Nb6 16. Bxh5 Bxh5 17. Nxh5 Kf7 18. Qf3 Bg7 19. Bg5 Rd6 20.
Rfe1 Ng6 21. Ng3 Rd7 22. h5 Ne7 23. h6 1-0